Chile-Perú, la historia y la escuela. Conflictos nacionales, percepciones sociales

Salvato in:
Dettagli Bibliografici
Autore principale: Cavieres Figueroa, Eduardo Lincoyán (autor)
Natura: Libro
Lingua:spagnolo
Pubblicazione: Valparaíso, Chile Universitarias de Valparaíso 2006
Edizione:Primera edición
Soggetti:
Tags: Aggiungi Tag
Nessun Tag, puoi essere il primo ad aggiungerne!!

MARC

LEADER 00000nam a2200000 a 4500
001 UCJ2579
003 CL-VaPUC
005 20230926140542.0
008 070104e20060000CL |||||||||||||||||spa|d
999 |c 318779  |d 318777 
020 |a 9561703890 
040 |c Pontificia Universidad Católica de Valparaíso 
082 0 4 |a 327.83085 CAV 2006  |2 21 
100 |a Cavieres Figueroa, Eduardo Lincoyán  |e autor  |9 884614 
245 1 0 |a Chile-Perú, la historia y la escuela. Conflictos nacionales, percepciones sociales 
250 |a Primera edición 
260 0 3 |a Valparaíso, Chile  |b Universitarias de Valparaíso  |c 2006 
300 |a 140 páginas 
583 |a last modification  |c 20150924 22:06:30  |k Rodrigo Vera 
650 0 |a Relaciones bilaterales  |9 406884 
650 0 |a Tratados internacionales   |9 256056 
650 0 |a Problemas sociales  |9 258537 
650 0 |a Diplomacia  |9 256483 
650 0 |a Historia política  |9 256974 
650 0 |a Académicos   |x Pontificia Universidad Católica de Valparaíso (PUCV)  |9 255553 
650 0 |a Archivo histórico PUCV  |9 255554 
651 7 |a CHILE  |2 CL-VaPUC  |9 503531 
651 0 |a Perú  |9 256567 
942 |c BK  |2 ddc  |n 0 
945 |d 20070104 00:00:00  |a cmena 
952 |0 0  |1 0  |2 ddc  |4 0  |6 327_830850000000000_CAV_2006  |7 0  |8 A  |9 396868  |a BIBHIS  |b BIBHIS  |d 2019-11-22  |i 4309405  |l 2  |o 327.83085 CAV 2006  |p 4309405  |r 2025-01-20  |s 2023-03-21  |t 1  |w 2019-11-22  |y BK  |k HIS 
952 |0 0  |1 0  |2 ddc  |4 0  |6 327_830850000000000_CAV_2006  |7 0  |8 A  |9 396869  |a BIBHIS  |b BIBHIS  |d 2019-11-22  |i 4309413  |o 327.83085 CAV 2006  |p 4309413  |r 2025-01-20  |t 2  |w 2019-11-22  |y BK  |k HIS 
952 |0 0  |1 0  |2 ddc  |4 0  |6 327_830850000000000_CAV_2006  |7 0  |8 A  |9 396870  |a BIBHIS  |b BIBHIS  |d 2019-11-22  |i 4309421  |o 327.83085 CAV 2006  |p 4309421  |r 2025-01-20  |t 3  |w 2019-11-22  |y BK  |k HIS 
952 |0 0  |1 0  |2 ddc  |4 0  |6 327_830850000000000_CAV_2006  |7 0  |8 A  |9 396871  |a BIBHIS  |b BIBHIS  |d 2019-11-22  |i 430943K  |o 327.83085 CAV 2006  |p 430943K  |r 2025-01-20  |t 4  |w 2019-11-22  |y BK  |k HIS 
952 |0 0  |1 0  |2 ddc  |4 0  |6 327_830850000000000_CAV_2006  |7 0  |8 A  |9 396872  |a BIBHIS  |b BIBHIS  |d 2019-11-22  |i 4309448  |o 327.83085 CAV 2006  |p 4309448  |r 2025-01-20  |t 5  |w 2019-11-22  |y BK  |k HIS 
952 |0 0  |1 0  |2 ddc  |4 0  |6 327_830850000000000_CAV_2006  |7 0  |8 A  |9 396873  |a BIBHIS  |b BIBHIS  |d 2019-11-22  |i 4309456  |o 327.83085 CAV 2006  |p 4309456  |r 2025-01-20  |t 6  |w 2019-11-22  |y BK  |k HIS 
952 |0 0  |1 0  |2 ddc  |4 0  |6 327_830850000000000_CAV_2006  |7 0  |8 A  |9 396874  |a BIBHIS  |b BIBHIS  |d 2019-11-22  |i 4309464  |o 327.83085 CAV 2006  |p 4309464  |r 2025-01-20  |t 7  |w 2019-11-22  |y BK  |k HIS 
952 |0 0  |1 0  |2 ddc  |4 0  |6 327_830850000000000_CAV_2006  |7 0  |8 A  |9 396875  |a BIBHIS  |b BIBHIS  |d 2019-11-22  |i 4309472  |o 327.83085 CAV 2006  |p 4309472  |r 2025-01-20  |t 8  |w 2019-11-22  |y BK  |k HIS 
952 |0 0  |1 0  |2 ddc  |4 0  |6 327_830850000000000_CAV_2006  |7 0  |8 A  |9 396876  |a BIBHIS  |b BIBHIS  |d 2019-11-22  |i 4309480  |o 327.83085 CAV 2006  |p 4309480  |r 2025-01-20  |t 9  |w 2019-11-22  |y BK  |k HIS 
952 |0 0  |1 0  |2 ddc  |4 0  |6 327_830850000000000_CAV_2006  |7 0  |8 A  |9 396877  |a BIBING  |b BIBING  |d 2019-11-22  |i 4309634  |o 327.83085 CAV 2006  |p 4309634  |r 2025-01-20  |t 10  |w 2019-11-22  |y BK  |k ING 
952 |0 0  |1 0  |2 ddc  |4 0  |6 327_830850000000000_CAV_2006  |7 0  |8 A  |9 396878  |a BIBCUR  |b BIBCUR  |c PAC  |d 2019-11-22  |i 4309642  |o 327.83085 CAV 2006  |p 4309642  |r 2025-04-22  |t 11  |w 2019-11-22  |y BK  |k BCB 
952 |0 0  |1 0  |2 ddc  |4 0  |6 327_830850000000000_CAV_2006  |7 0  |8 A  |9 396879  |a BIBEDU  |b BIBEDU  |d 2019-11-22  |i 4309650  |o 327.83085 CAV 2006  |p 4309650  |r 2019-11-22  |t 12  |w 2019-11-22  |y BK  |k BME 
952 |0 0  |1 0  |2 ddc  |4 0  |6 327_830850000000000_CAV_2006  |7 0  |8 A  |9 396880  |a BIBALI  |b BIBALI  |c GEN  |d 2019-11-22  |i 4309669  |o 327.83085 CAV 2006  |p 4309669  |r 2025-01-20  |t 13  |w 2019-11-22  |y BK  |k ALI 
952 |0 0  |1 0  |2 ddc  |4 0  |6 327_830850000000000_CAV_2006  |7 0  |8 A  |9 396881  |a BIBGIM  |b BIBGIM  |d 2019-11-22  |i 4309774  |o 327.83085 CAV 2006  |p 4309774  |r 2025-01-15  |t 23  |w 2019-11-22  |y BK  |k GIM 
952 |0 0  |1 0  |2 ddc  |4 0  |6 327_830850000000000_CAV_2006  |7 0  |8 A  |9 396882  |a BIBAGR  |b BIBAGR  |d 2019-11-22  |i 4309677  |o 327.83085 CAV 2006  |p 4309677  |r 2025-01-20  |t 14  |w 2019-11-22  |y BK  |k AGR 
952 |0 0  |1 0  |2 ddc  |4 0  |6 327_830850000000000_CAV_2006  |7 0  |8 P  |9 396883  |a BIBARQ  |b BIBARQ  |d 2019-11-22  |i 4309685  |o 327.83085 CAV 2006  |p 4309685  |r 2025-01-20  |t 15  |w 2019-11-22  |y BK  |k ARQ 
952 |0 0  |1 0  |2 ddc  |4 0  |6 327_830850000000000_CAV_2006  |7 0  |8 A  |9 396884  |a BIBCUR  |b BIBCUR  |d 2019-11-22  |i 4309693  |o 327.83085 CAV 2006  |p 4309693  |r 2025-04-22  |t 16  |w 2019-11-22  |y BK  |k PER 
952 |0 0  |1 0  |2 ddc  |4 0  |6 327_830850000000000_CAV_2006  |7 0  |8 A  |9 396885  |a BIBCUR  |b BIBCUR  |d 2019-11-22  |i 4309707  |o 327.83085 CAV 2006  |p 4309707  |r 2025-04-22  |t 17  |w 2019-11-22  |y BK  |k PER 
952 |0 0  |1 0  |2 ddc  |4 0  |6 327_830850000000000_CAV_2006  |7 0  |8 A  |9 396887  |a BIBDER  |b BIBDER  |d 2019-11-22  |i 4309723  |o 327.83085 CAV 2006  |p 4309723  |r 2023-01-25  |t 19  |w 2019-11-22  |y BK  |k DER 
952 |0 0  |1 0  |2 ddc  |4 0  |6 327_830850000000000_CAV_2006  |7 0  |8 A  |9 396888  |a BIBHIS  |b BIBHIS  |d 2019-11-22  |i 4309731  |o 327.83085 CAV 2006  |p 4309731  |r 2025-01-20  |t 20  |w 2019-11-22  |y BK  |k HIS 
952 |0 0  |1 0  |2 ddc  |4 0  |6 327_830850000000000_CAV_2006  |7 0  |8 A  |9 396889  |a BIBMEC  |b BIBMEC  |d 2019-11-22  |i 430974K  |o 327.83085 CAV 2006  |p 430974K  |r 2024-01-19  |t 21  |w 2019-11-22  |y BK  |k MEC 
952 |0 0  |1 0  |2 ddc  |4 0  |6 327_830850000000000_CAV_2006  |7 0  |8 A  |9 396890  |a BIBEDU  |b BIBEDU  |d 2019-11-22  |i 4309758  |o 327.83085 CAV 2006  |p 4309758  |r 2023-01-12  |t 22  |w 2019-11-22  |y BK  |k MUS 
952 |0 0  |1 0  |2 ddc  |4 0  |6 327_830850000000000_CAV_2006  |7 0  |8 A  |9 396891  |a BIBHIS  |b BIBHIS  |d 2019-11-22  |i 4349539  |o 327.83085 CAV 2006  |p 4349539  |r 2025-01-20  |t 24  |w 2019-11-22  |y BK  |k HIS 
952 |0 0  |1 0  |2 ddc  |4 0  |6 327_830850000000000_CAV_2006  |7 0  |8 A  |9 396892  |a BIBHIS  |b BIBHIS  |d 2019-11-22  |i 4349547  |o 327.83085 CAV 2006  |p 4349547  |r 2025-01-20  |t 25  |w 2019-11-22  |y BK  |k HIS 
952 |0 0  |1 0  |2 ddc  |4 0  |6 327_830850000000000_CAV_2006  |7 0  |8 A  |9 396893  |a BIBHIS  |b BIBHIS  |d 2019-11-22  |i 4349555  |o 327.83085 CAV 2006  |p 4349555  |r 2025-01-20  |t 26  |w 2019-11-22  |y BK  |k HIS 
952 |0 0  |1 0  |2 ddc  |4 0  |6 327_830850000000000_CAV_2006  |7 0  |8 A  |9 396894  |a BIBHIS  |b BIBHIS  |d 2019-11-22  |i 4349563  |o 327.83085 CAV 2006  |p 4349563  |r 2025-01-20  |t 27  |w 2019-11-22  |y BK  |k HIS 
952 |0 0  |1 0  |2 ddc  |4 0  |6 327_830850000000000_CAV_2006  |7 0  |8 A  |9 396895  |a BIBHIS  |b BIBHIS  |d 2019-11-22  |i 4349571  |o 327.83085 CAV 2006  |p 4349571  |r 2025-01-20  |t 28  |w 2019-11-22  |y BK  |k HIS 
952 |0 0  |1 0  |2 ddc  |4 0  |6 327_830850000000000_CAV_2006  |7 0  |8 A  |9 396896  |a BIBCUR  |b BIBCUR  |c PAC  |d 2019-11-22  |i 4349660  |o 327.83085 CAV 2006  |p 4349660  |r 2025-04-22  |t 29  |w 2019-11-22  |y BK  |k PER 
952 |0 0  |1 0  |2 ddc  |4 0  |6 327_830850000000000_CAV_2006  |7 0  |8 X  |9 396898  |a FDOBUD  |b FDOBUD  |d 2019-11-22  |i 4557360  |o 327.83085 CAV 2006  |p 4557360  |r 2019-11-22  |t 31  |w 2019-11-22  |y BK_X  |k FHP 
952 |0 0  |1 0  |2 ddc  |4 0  |6 327_830850000000000_CAV_2006  |7 0  |8 X  |9 396899  |a FDOBUD  |b FDOBUD  |d 2019-11-22  |i 4557379  |o 327.83085 CAV 2006  |p 4557379  |r 2019-11-22  |t 32  |w 2019-11-22  |y BK_X  |k FHP